<?xml version="1.0" encoding="UTF-8"?>
<marc:record xmlns:marc="http://www.loc.gov/MARC21/slim">
   <marc:leader>00000nam a2200000 a 4500</marc:leader>
   <marc:datafield ind1="1" ind2=" " tag="100">
      <marc:subfield code="a">Bronte, Emily</marc:subfield>
      <marc:subfield code="4">aut</marc:subfield>
      <marc:subfield code="e">Verfasser/-in</marc:subfield>
   </marc:datafield>
   <marc:datafield ind1=" " ind2=" " tag="653">
      <marc:subfield code="a">Literatur</marc:subfield>
   </marc:datafield>
   <marc:datafield ind1=" " ind2=" " tag="653">
      <marc:subfield code="a">Englisch</marc:subfield>
   </marc:datafield>
   <marc:datafield ind1=" " ind2=" " tag="653">
      <marc:subfield code="a">Roman</marc:subfield>
   </marc:datafield>
   <marc:datafield ind1=" " ind2=" " tag="653">
      <marc:subfield code="a">Texte</marc:subfield>
   </marc:datafield>
   <marc:datafield ind1="0" ind2="0" tag="245">
      <marc:subfield code="a">Wuthering heights</marc:subfield>
   </marc:datafield>
   <marc:datafield ind1="0" ind2="0" tag="245">
      <marc:subfield code="b">novel; thriller</marc:subfield>
   </marc:datafield>
   <marc:datafield ind1=" " ind2="1" tag="264">
      <marc:subfield code="b">Penguin Books</marc:subfield>
      <marc:subfield code="c">1994</marc:subfield>
   </marc:datafield>
   <marc:datafield ind1="1" ind2=" " tag="490">
      <marc:subfield code="a">Penguin Popular Classics</marc:subfield>
   </marc:datafield>
   <marc:datafield ind1="1" ind2=" " tag="520">
      <marc:subfield code="a">Synopsis The saga of two Yorkshire families in the remote Pennine Hills. The book has been interpreted as an historical romance, a ghostly thriller, a psychological love-story, a religious allegory and a nature poem. This is the author's only novel. Liebe, Haß und Tod - ein Drama spielt sich ab auf dem Gutshof Wuthering Heights in Yorkshires düsterer Nebellandschaft. Vom Dämon der Rache und Eifersucht besessen, richtet der Findling Heathcliff ein Werk der Zerstörung an, dem auch die Angebetete Cathy zum Opfer fällt. Mehrere Generationen werden in einen Strudel rasender Leidenschaften gezogen. Emily Brontes ergreifende Geschichte voll psychologischer Raffinesse löste 1847 einen Sturm der Empörung aus. *amazon.de*</marc:subfield>
   </marc:datafield>
   <marc:datafield ind1=" " ind2=" " tag="020">
      <marc:subfield code="a">9780140620122</marc:subfield>
      <marc:subfield code="9">9780140620122</marc:subfield>
   </marc:datafield>
</marc:record>
